Central Library OPAC University of Rajshahi

The record of American diplomacy : (Record no. 42226)

MARC details
000 -LEADER
fixed length control field 00828nam a2200265 a 4500
001 - CONTROL NUMBER
control field 42226
003 - CONTROL NUMBER IDENTIFIER
rucl marc code BD-RjUL
005 - DATE AND TIME OF LATEST TRANSACTION
control field 20211209053518.0
008 - FIXED-LENGTH DATA ELEMENTS--GENERAL INFORMATION
fixed length control field 160611s1950 nyu 000 0 eng u
035 ## - SYSTEM CONTROL NUMBER
System control number (OCoLC)ocm01310882
System control number (BD-RjUL)42344
System control number (NNC)1222719
040 ## - CATALOGING SOURCE
Transcribing agency ORL
Modifying agency m.c.
-- ZCU
Original cataloging agency BD-RjUL
Language of cataloging eng
041 ## - LANGUAGE CODE
Language code of text/sound track or separate title eng
082 ## - DEWEY DECIMAL CLASSIFICATION NUMBER
Classification number 327.73
Author mark and year REC 1950
245 14 - TITLE STATEMENT
Title The record of American diplomacy :
Remainder of title documents and readings in the history of American foreign relations /
Statement of responsibility, etc. Ruhl Jacob Bartlett
250 ## - EDITION STATEMENT
Edition statement 2d ed., enl.
260 ## - PUBLICATION, DISTRIBUTION, ETC. (IMPRINT)
Place of publication, distribution, etc. New York :
Name of publisher, distributor, etc. Knopf,
Date of publication, distribution, etc. 1950.
300 ## - PHYSICAL DESCRIPTION
Pagination xx, 768, xvii p. ;
Size 25 cm.
500 ## - GENERAL NOTE
General note index present
504 ## - BIBLIOGRAPHY, ETC. NOTE
Bibliography, etc Bibliography: p. 767-768.
651 #0 - SUBJECT ADDED ENTRY--GEOGRAPHIC NAME
Geographic name United States
General subdivision Foreign relations
Form subdivision Sources.
9 (RLIN) 129863
942 ## - ADDED ENTRY ELEMENTS (KOHA)
Source of classification or shelving scheme Dewey Decimal Classification
Koha item type Books
Holdings
Lost status Source of classification or shelving scheme Damaged status Not for loan Collection code Permanent Location Current Location Shelving location Date acquired Source of acquisition Total Checkouts Full call number Date last seen Copy number Koha item type
  Dewey Decimal Classification     Non-fiction Central Library, University of Rajshahi Central Library, University of Rajshahi   28/02/1958 U.S.I.S Dacca   327.73 REC 1950 11/06/2016 C-2 Books